| 000 | 00363nam a2200145Ia 4500 | ||
|---|---|---|---|
| 008 | 230711s9999||||xx |||||||||||||| ||und|| | ||
| 041 | _aENG | ||
| 082 |
_a629.8 _bBE-P |
||
| 100 | _aBequette,b.Wayne | ||
| 245 | 0 | _aProcess control | |
| 250 | _a1st Ed. | ||
| 260 |
_c2004 _aNew Delhi _bPHI Learning Private Limited |
||
| 650 | _aElectrical Engineering | ||
| 942 | _cBK | ||
| 999 |
_c4421 _d4421 |
||